[Event "San Sebastian Gros op 24th"]
[Site "San Sebastian"]
[Date "2014.09.22"]
[Round "3"]
[White "Riesco Lecuona, Juan Manuel"]
[Black "Argandona Riveiro, Inigo"]
[Result "0-1"]
[WhiteElo "1966"]
[BlackElo "2434"]
[PlyCount "48"]
[EventDate "2014.09.21"]
[EventType "swiss"]
[EventRounds "9"]
[EventCountry "ESP"]
[SourceTitle "EXT 2015"]
[Source "ChessBase"]
[SourceDate "2014.11.20"]
[SourceVersion "1"]
[SourceVersionDate "2014.11.20"]
[SourceQuality "1"]

1. e4 d6 2. d4 Nf6 3. Nc3 e5 4. d5 Be7 5. Be2 c6 6. Bg5 Nxd5 7. exd5 Bxg5 8. Nf3 Be7 9. 0-0 0-0 10. Qd2 Nd7 11. Rad1 c5 12. Rfe1 f5 13. Bc4 Bf6 14. Qe2 a6 15. a4 Nb6 16. Nd2 e4 17. Ndxe4 fxe4 18. Nxe4 Nxc4 19. Qxc4 Bf5 20. Ng3 Bg6 21. c3 Be5 22. Ne2 b5 23. axb5 axb5 24. Qxb5 Bxh2+ 0-1

[Event "San Sebastian Gros op 22nd"]
[Site "San Sebastian"]
[Date "2012.09.24"]
[Round "5"]
[White "Riesco Lecuona, Juan Manuel"]
[Black "Espin Laborde, Jesus Maria"]
[Result "1-0"]
[WhiteElo "1908"]
[BlackElo "1739"]
[PlyCount "75"]
[EventDate "2012.09.20"]
[EventType "swiss"]
[EventRounds "8"]
[EventCountry "ESP"]
[SourceTitle "EXT 2013"]
[Source "ChessBase"]
[SourceDate "2012.11.22"]
[SourceVersion "1"]
[SourceVersionDate "2012.11.22"]
[SourceQuality "1"]

1. e4 c5 2. Nf3 d6 3. d4 cxd4 4. Nxd4 Nf6 5. Nc3 a6 6. Bg5 e6 7. f4 Be7 8. Qf3 Qc7 9. 0-0-0 Nc6 10. Nxc6 bxc6 11. e5 dxe5 12. fxe5 Nd5 13. Bxe7 Qxe7 14. Ne4 0-0 15. h4 f6 16. exf6 Nxf6 17. Nxf6+ gxf6 18. Qxc6 Bb7 19. Qd7 Rfe8 20. Qxe7 Rxe7 21. Bc4 Kg7 22. Rhe1 e5 23. Re3 f5 24. Rg3+ Kh8 25. Rd6 f4 26. Rg4 f3 27. gxf3 Bxf3 28. Rg3 Bb7 29. Kd2 a5 30. Ke3 Rb8 31. Rb6 Ra8 32. Rxb7 Rxb7 33. Bd5 Rab8 34. Bxb7 Rxb7 35. b3 a4 36. Ke4 Rb4+ 37. c4 axb3 38. axb3 1-0

[Event "San Sebastian op 20th"]
[Site "San Sebastian"]
[Date "2010.09.29"]
[Round "6"]
[White "Riesco Lecuona, Juan Manuel"]
[Black "Ladron de Guevara Galar, Francisco Javier"]
[Result "0-1"]
[WhiteElo "1931"]
[BlackElo "2087"]
[PlyCount "169"]
[EventDate "2010.09.24"]
[EventType "swiss"]
[EventRounds "9"]
[EventCountry "ESP"]
[SourceTitle "CBM 138 Extra"]
[Source "ChessBase"]
[SourceDate "2010.10.29"]
[SourceVersion "1"]
[SourceVersionDate "2010.10.29"]
[SourceQuality "1"]

1. e4 e5 2. Nf3 Nc6 3. Bb5 a6 4. Ba4 Nf6 5. 0-0 Be7 6. Re1 b5 7. Bb3 d6 8. c3 0-0 9. h3 Na5 10. Bc2 c5 11. d4 Qc7 12. Nbd2 Nc6 13. d5 Nd8 14. a4 Rb8 15. axb5 axb5 16. Nf1 Ne8 17. g4 f6 18. Ng3 g6 19. Kh2 Nf7 20. Be3 Ng7 21. Qd2 Bd7 22. Rg1 Kh8 23. b4 Ra8 24. Bd3 Qb7 25. Qe2 c4 26. Bc2 Bd8 27. Qd2 Bb6 28. Nh4 Ra7 29. Rxa7 Qxa7 30. Bxb6 Qxb6 31. Ra1 Qb7 32. f4 Ra8 33. Rf1 Be8 34. fxe5 fxe5 35. Nf3 Qe7 36. Bb1 Kg8 37. Qf2 Qa7 38. Qd2 Qe7 39. Qf2 Ra3 40. Ne2 h5 41. Nh4 Ng5 42. Qf6 Qxf6 43. Rxf6 Rb3 44. Rf1 Rb2 45. Re1 Kh7 46. Kg3 Bd7 47. Nf3 Nf7 48. Kh4 hxg4 49. hxg4 Nh6 50. Nh2 Bc8 51. Kg5 Ne8 52. Kh4 Nc7 53. Kg3 Na8 54. g5 Nf7 55. Ng4 Nb6 56. Kh4 Kg7 57. Ne3 Nd7 58. Bc2 Ra2 59. Bb1 Ra3 60. Nc2 Ra8 61. Ne3 Nf8 62. Ng1 Nh7 63. Nf3 Bd7 64. Nf5+ gxf5 65. exf5 Nf8 66. g6 Nh6 67. Kg5 Bxf5 68. Bxf5 Nxf5 69. Kxf5 Nxg6 70. Ng5 Rf8+ 71. Ke6 Rf6+ 72. Kd7 Nf4 73. Ne6+ Kf7 74. Kxd6 Nd3 75. Rg1 Rf2 76. Rg7+ Kf6 77. Rg8 Rc2 78. Rf8+ Kg6 79. Ke7 Rxc3 80. Rf6+ Kh5 81. d6 Nxb4 82. Ng7+ Kg5 83. d7 Rd3 84. Rd6 Nd5+ 85. Kf8 0-1

[Event "San Sebastian Udaberriko op"]
[Site "San Sebastian"]
[Date "2007.06.09"]
[Round "6"]
[White "Fernandez del Pozo, Anibal"]
[Black "Riesco Lecuona, Juan Manuel"]
[Result "0-1"]
[WhiteElo "1756"]
[BlackElo "1964"]
[PlyCount "78"]
[EventDate "2007.05.05"]
[EventType "swiss"]
[EventRounds "7"]
[EventCountry "ESP"]
[SourceTitle "EXT 2008"]
[Source "ChessBase"]
[SourceDate "2007.11.25"]
[SourceVersion "1"]
[SourceVersionDate "2007.11.25"]
[SourceQuality "1"]

1. d4 f5 2. Nf3 Nf6 3. Nc3 e6 4. Bg5 Be7 5. e4 Nxe4 6. Ne5 Nxg5 7. Qh5+ g6 8. Nxg6 hxg6 9. Qxh8+ Kf7 10. Qh6 Bf8 11. Qh8 Be7 12. Qh6 Qf8 13. Qxf8+ Kxf8 14. h4 Nf7 15. d5 Bb4 16. dxe6 dxe6 17. 0-0-0 Bxc3 18. bxc3 Nc6 19. h5 gxh5 20. Rxh5 Kg7 21. f4 Ne7 22. c4 Ng8 23. Be2 Nf6 24. Rh4 e5 25. fxe5 Nxe5 26. Rd8 Nf7 27. Rdd4 Be6 28. Bf3 c6 29. Rd3 Rh8 30. Rxh8 Kxh8 31. Rb3 Nd6 32. Rd3 Nxc4 33. Rd8+ Kg7 34. Rb8 Nd6 35. Kb1 Bc8 36. c4 Nd7 37. Ra8 a6 38. g4 Nb6 39. Rb8 Ndxc4 0-1

[Event "San Sebastian op 30th"]
[Site "San Sebastian"]
[Date "2007.04.01"]
[Round "1"]
[White "Spraggett, Kevin"]
[Black "Riesco Lecuona, Juan Manuel"]
[Result "1-0"]
[WhiteElo "2631"]
[BlackElo "1964"]
[PlyCount "85"]
[EventDate "2007.04.01"]
[EventType "swiss"]
[EventRounds "9"]
[EventCountry "ESP"]
[SourceTitle "CBM 117 Extra"]
[Source "ChessBase"]
[SourceDate "2007.05.09"]
[SourceVersion "1"]
[SourceVersionDate "2007.05.09"]
[SourceQuality "1"]

1. e4 e5 2. Nf3 Nc6 3. Bb5 a6 4. Ba4 Nf6 5. d3 b5 6. Bb3 Be7 7. 0-0 d6 8. c3 Na5 9. Bc2 c5 10. Nbd2 Nc6 11. Re1 0-0 12. Nf1 Qc7 13. Ne3 g6 14. a4 Be6 15. Ng5 Qd7 16. Bd2 Nh5 17. Nxe6 fxe6 18. g3 d5 19. Ng4 d4 20. Bh6 Ng7 21. axb5 axb5 22. Rxa8 Rxa8 23. Bb3 Rd8 24. c4 b4 25. Ba4 Qd6 26. Bxc6 Qxc6 27. Nxe5 Qc7 28. f4 Bd6 29. Ng4 Nh5 30. e5 Be7 31. Qf3 b3 32. Ra1 Qb6 33. Kf2 Qb4 34. Ke2 Qb6 35. Nf2 Ng7 36. Bxg7 Kxg7 37. Ne4 Rf8 38. h4 h6 39. Nd2 Qc7 40. Ra6 Qd7 41. Rb6 Qd8 42. Rxe6 Bxh4 43. Qe4 1-0

[Event "San Sebastian Gros op 16th"]
[Site "San Sebastian"]
[Date "2006.09.29"]
[Round "9"]
[White "Iglesias Gonzalez, Veronica"]
[Black "Riesco Lecuona, Juan Manuel"]
[Result "1-0"]
[WhiteElo "1728"]
[BlackElo "1974"]
[PlyCount "127"]
[EventDate "2006.09.21"]
[EventType "swiss"]
[EventRounds "9"]
[EventCountry "ESP"]
[SourceTitle "CBM 114 Extra"]
[Source "ChessBase"]
[SourceDate "2006.11.03"]
[SourceVersion "1"]
[SourceVersionDate "2006.11.03"]
[SourceQuality "1"]

1. d4 Nf6 2. c4 g6 3. Nc3 Bg7 4. e4 d6 5. Nf3 Nbd7 6. h3 0-0 7. Bg5 h6 8. Bh4 g5 9. Bg3 Nh5 10. Bd3 Nxg3 11. fxg3 e5 12. d5 Nc5 13. Bc2 a5 14. Qe2 Qe7 15. 0-0-0 Bd7 16. Rdf1 Rab8 17. Nh2 f6 18. h4 Qe8 19. hxg5 fxg5 20. Rxf8+ Bxf8 21. Ng4 Bxg4 22. Qxg4 Qf7 23. Nb5 c6 24. Nxd6 Bxd6 25. Rxh6 Qf1+ 26. Bd1 Qxc4+ 27. Bc2 Qf1+ 28. Bd1 Bf8 29. Rg6+ Bg7 30. Rxg5 Qf7 31. Rf5 Qd7 32. dxc6 Qxc6 33. Bc2 Rc8 34. Kb1 Ne6 35. Rf2 Nd4 36. Bb3+ Nxb3 37. axb3 b5 38. Rd2 a4 39. bxa4 b4 40. Rd3 Qc2+ 41. Ka2 Qxa4+ 42. Ra3 b3+ 43. Kb1 Qc6 44. Rxb3 Qc1+ 45. Ka2 Qc4 46. Qf3 Ra8+ 47. Kb1 Rf8 48. Qe3 Kh7 49. g4 Rf1+ 50. Ka2 Rf4 51. Qh3+ Kg8 52. Qh5 Rf8 53. Qh3 Ra8+ 54. Kb1 Qxe4+ 55. Qd3 Qxg2 56. Rc3 Qg1+ 57. Rc1 Qd4 58. Qb3+ Kh7 59. Rh1+ Kg6 60. Qe6+ Bf6 61. Qf5+ Kf7 62. Rh7+ Ke8 63. Qe6+ Kd8 64. Qg8# 1-0

[Event "San Sebastian op 19th"]
[Site "San Sebastian"]
[Date "2006.04.08"]
[Round "1.6"]
[White "Ninov, Nikolai"]
[Black "Riesco Lecuona, Juan Manuel"]
[Result "1-0"]
[WhiteElo "2513"]
[BlackElo "2045"]
[PlyCount "44"]
[EventDate "2006.04.08"]
[EventType "swiss"]
[EventRounds "9"]
[EventCountry "ESP"]
[SourceTitle "CBM 111 Extra"]
[Source "ChessBase"]
[SourceDate "2006.05.09"]
[SourceVersion "1"]
[SourceVersionDate "2006.05.09"]
[SourceQuality "1"]

1. e4 c5 2. Nf3 d6 3. d4 cxd4 4. Nxd4 Nf6 5. Nc3 a6 6. Be2 e5 7. Nb3 Be7 8. 0-0 Be6 9. f4 Qc7 10. f5 Bc4 11. a4 Nbd7 12. Kh1 Rc8 13. Bxc4 Qxc4 14. a5 0-0 15. Ra4 Qc6 16. Rf3 h5 17. Bg5 Bd8 18. Nd2 b5 19. axb6 Qxb6 20. Bxf6 Nxf6 21. Nc4 Qb8 22. b3 a5 1-0

[Event "San Sebastian Taldea op"]
[Site "San Sebastian"]
[Date "2002.09.26"]
[Round "6"]
[White "Riesco Lecuona, Juan Manuel"]
[Black "Espin, Jesus Maria"]
[Result "1-0"]
[WhiteElo "2165"]
[BlackElo "2235"]
[PlyCount "79"]
[EventDate "2002.09.19"]
[EventType "swiss"]
[EventRounds "7"]
[EventCountry "ESP"]
[SourceTitle "EXT 2006"]
[Source "ChessBase"]
[SourceDate "2005.11.24"]
[SourceVersion "1"]
[SourceVersionDate "2005.11.24"]
[SourceQuality "1"]

1. f4 d5 2. Nf3 Nf6 3. b3 g6 4. e3 Bg7 5. d4 0-0 6. Bd3 b6 7. Qe2 c5 8. c3 Nc6 9. Ba3 Ne4 10. Ne5 Qc7 11. Bxe4 dxe4 12. Nxc6 Qxc6 13. dxc5 Rd8 14. 0-0 bxc5 15. Bb2 Rd3 16. Rd1 Ba6 17. Rxd3 Bxd3 18. Qf2 c4 19. Nd2 f5 20. h3 e5 21. Rd1 Rb8 22. Nxc4 Bxc4 23. bxc4 Qxc4 24. Rd7 exf4 25. Qh4 Rxb2 26. Qe7 Rxg2+ 27. Kxg2 Qe2+ 28. Kg1 Qxe3+ 29. Kf1 Qc1+ 30. Kf2 e3+ 31. Kg2 Qb2+ 32. Kh1 Qa1+ 33. Kg2 Qb2+ 34. Kh1 Qc1+ 35. Kg2 Qc2+ 36. Kg1 Qb1+ 37. Kh2 Qc2+ 38. Kg1 Qf2+ 39. Kh1 Qg3 40. Qxg7# 1-0

[Event "Euskadi-chTA"]
[Site "Euskadi"]
[Date "2000.12.02"]
[Round "3"]
[White "Romero Mateo, Esteban"]
[Black "Riesco Lecuona, Juan Manuel"]
[Result "0-1"]
[WhiteElo "1903"]
[BlackElo "2187"]
[PlyCount "62"]
[EventDate "2000.11.18"]
[EventType "team-tourn"]
[EventRounds "9"]
[EventCountry "ESP"]
[SourceTitle "EXT 2006"]
[Source "ChessBase"]
[SourceDate "2005.11.24"]
[SourceVersion "1"]
[SourceVersionDate "2005.11.24"]
[SourceQuality "1"]

1. d4 e6 2. c4 f5 3. Nf3 Nf6 4. a3 d5 5. Nc3 c6 6. cxd5 exd5 7. Bg5 Bd6 8. Qc2 0-0 9. Ne5 Qe8 10. Bxf6 Rxf6 11. f4 Be6 12. e3 Nd7 13. Bd3 Kh8 14. 0-0-0 Rc8 15. g4 g6 16. g5 Rf8 17. h4 Nxe5 18. fxe5 Be7 19. Qh2 c5 20. Kb1 cxd4 21. exd4 Bxa3 22. Nb5 Bb4 23. h5 gxh5 24. Nd6 Bxd6 25. exd6 Qf7 26. Qe5+ Kg8 27. Be2 f4 28. Rxh5 Bf5+ 29. Ka1 Rce8 30. Qxf4 Rxe2 31. Qh4 Qd7 0-1

[Event "San Sebastian Gros op"]
[Site "San Sebastian"]
[Date "1996.??.??"]
[Round "?"]
[White "Riesco Lecuona, Juan Manuel"]
[Black "Nei, Iivo"]
[Result "1-0"]
[WhiteElo "2165"]
[BlackElo "2380"]
[PlyCount "115"]
[EventDate "1996.??.??"]
[EventType "swiss"]
[EventRounds "7"]
[EventCountry "ESP"]
[SourceTitle "EXT 2006"]
[Source "ChessBase"]
[SourceDate "2005.11.24"]
[SourceVersion "1"]
[SourceVersionDate "2005.11.24"]
[SourceQuality "1"]

1. f4 b6 2. b3 e5 3. fxe5 Bb7 4. Nf3 Bxf3 5. exf3 Qh4+ 6. g3 Qd4 7. c3 Qxe5+ 8. Qe2 Nc6 9. d4 Qxe2+ 10. Bxe2 Bd6 11. Ba3 Nge7 12. Bxd6 cxd6 13. Na3 d5 14. Nb5 0-0 15. Kd2 Rad8 16. Bd3 g6 17. Rhe1 a5 18. Re2 d6 19. Rae1 Rd7 20. Na3 Rc8 21. Ba6 Rcd8 22. Bb5 Rc7 23. Bxc6 Nxc6 24. Re8+ Kg7 25. Rxd8 Nxd8 26. Re8 Ne6 27. Nb5 Rd7 28. Na3 Rb7 29. Nb5 Rd7 30. Rb8 Ng5 31. f4 Nf3+ 32. Kd3 Re7 33. Rxb6 Ne1+ 34. Kd2 Nf3+ 35. Kc1 Re1+ 36. Kb2 Re2+ 37. Ka3 Ne1 38. Rxd6 Nc2+ 39. Ka4 Na1 40. a3 Rb2 41. Rxd5 Nxb3 42. Re5 Nc1 43. Re1 Nd3 44. Re3 Nc1 45. h4 Ne2 46. Kxa5 Ng1 47. a4 Nh3 48. Kb6 Nf2 49. a5 Ng4 50. Re5 Nf6 51. Kc6 Ra2 52. Nd6 Ra3 53. c4 Rb3 54. Ne8+ Nxe8 55. Rxe8 Rc3 56. Kb5 Rb3+ 57. Kc6 Rf3 58. a6 1-0